Catholic University of Zimbabwe Library
Online Public Access Catalogue
(OPAC)

Entrepreneurship and the sustainable development goals / (Record no. 30013)

MARC details
000 -LEADER
fixed length control field 03389nam a2200481Ii 4500
001 - CONTROL NUMBER
control field 9781787563759
003 - CONTROL NUMBER IDENTIFIER
control field UtOrBLW
005 - DATE AND TIME OF LATEST TRANSACTION
control field 20210303084913.0
006 - FIXED-LENGTH DATA ELEMENTS--ADDITIONAL MATERIAL CHARACTERISTICS
fixed length control field m o d
007 - PHYSICAL DESCRIPTION FIXED FIELD--GENERAL INFORMATION
fixed length control field cr un|||||||||
008 - FIXED-LENGTH DATA ELEMENTS--GENERAL INFORMATION
fixed length control field 181017s2018 enk 001 0 eng d
020 ## - INTERNATIONAL STANDARD BOOK NUMBER
International Standard Book Number 9781787563759 (e-book)
040 ## - CATALOGING SOURCE
Original cataloging agency UtOrBLW
Language of cataloging eng
Description conventions rda
Transcribing agency UtOrBLW
050 04 - LIBRARY OF CONGRESS CALL NUMBER
Classification number HC79.E5
Item number E58 2018
072 #7 - SUBJECT CATEGORY CODE
Subject category code KJH
Source bicssc
072 #7 - SUBJECT CATEGORY CODE
Subject category code BUS025000
Source bisacsh
080 ## - UNIVERSAL DECIMAL CLASSIFICATION NUMBER
Universal Decimal Classification number 330.8
082 04 - DEWEY DECIMAL CLASSIFICATION NUMBER
Classification number 338.927
Edition number 23
245 00 - TITLE STATEMENT
Title Entrepreneurship and the sustainable development goals /
Statement of responsibility, etc. edited by Nikolaos Apostolopoulos, Haya Al-Dajani, Diane Holt, Paul Jones, and Robert Newbery.
264 #1 - PRODUCTION, PUBLICATION, DISTRIBUTION, MANUFACTURE, AND COPYRIGHT NOTICE
Name of producer, publisher, distributor, manufacturer Emerald Publishing Limited,
300 ## - PHYSICAL DESCRIPTION
Extent 1 online resource (ix, 217 pages) ;
Dimensions cm.
490 1# - SERIES STATEMENT
Series statement Contemporary issues in entrepreneurship research,
International Standard Serial Number 2040-7246 ;
Volume/sequential designation volume 8
500 ## - GENERAL NOTE
General note Includes index.
505 0# - FORMATTED CONTENTS NOTE
Formatted contents note Prelims -- Entrepreneurship and the sustainable development goals -- Social change and entrepreneurship through the lens of the SDGs -- Organisational practices and innovation towards the SDGs -- Entrepreneurship, gender equality and empowerment towards the SDGs -- About the Editors -- About the Authors -- Index.
520 ## - SUMMARY, ETC.
Summary, etc. The sustainable development goals (SDGs) were launched in 2015, as a global agenda for addressing the multiplicity of social and environmental challenges that face communities around the world. But what role might entrepreneurship play in reaching these goals? In the first book of its kind, Entrepreneurship and the Sustainable Development Goals will encourage you to think about the critical role that entrepreneurship and entrepreneurs might play in supporting sustainable development. More than twenty authors from across Africa, Asia, North America, and Europe explore a fascinating mix of enterprises and sustainable development initiatives to illustrate the capacity of entrepreneurship as the engine for transforming our world and overcoming the diverse nature of these global challenges. Structured into three provocative sections this book explores, social change and entrepreneurship through the lens of the SDGs; Organisational practices and innovation towards the SDGs; Entrepreneurship, gender equality and empowerment towards the SDGs. Journey through the stories of tribal enterprises in India, to cacao framers in Ghana, small and medium sized businesses in Greece, social enterprises in Kenya, Zambia and the USA and many others to see the powerful force that entrepreneurship can be for promoting poverty alleviation and sustainable development.
588 0# - SOURCE OF DESCRIPTION NOTE
Source of description note Print version record
650 #0 - SUBJECT ADDED ENTRY--TOPICAL TERM
Topical term or geographic name entry element Sustainable development.
650 #0 - SUBJECT ADDED ENTRY--TOPICAL TERM
Topical term or geographic name entry element Entrepreneurship.
650 #7 - SUBJECT ADDED ENTRY--TOPICAL TERM
Topical term or geographic name entry element Business & Economics
General subdivision Entrepreneurship.
Source of heading or term bisacsh
650 #7 - SUBJECT ADDED ENTRY--TOPICAL TERM
Topical term or geographic name entry element Entrepreneurship.
Source of heading or term bicssc
700 1# - ADDED ENTRY--PERSONAL NAME
Personal name Apostolopoulos, Nicolas,
Relator term editor.
700 1# - ADDED ENTRY--PERSONAL NAME
Personal name Al-Dajani, Haya,
Relator term editor.
700 1# - ADDED ENTRY--PERSONAL NAME
Personal name Holt, Diane,
Relator term editor.
700 1# - ADDED ENTRY--PERSONAL NAME
Personal name Jones, Paul,
Dates associated with a name active 2018,
Relator term editor.
700 1# - ADDED ENTRY--PERSONAL NAME
Personal name Newbery, Robert,
Relator term editor.
776 ## - ADDITIONAL PHYSICAL FORM ENTRY
International Standard Book Number 9781787563766
830 #0 - SERIES ADDED ENTRY--UNIFORM TITLE
Uniform title Contemporary issues in entrepreneurship research ;
Volume/sequential designation v. 8
International Standard Serial Number 2040-7246
856 40 - ELECTRONIC LOCATION AND ACCESS
Uniform Resource Identifier <a href="https://www.emerald.com/insight/publication/doi/10.1108/S2040-724620188">https://www.emerald.com/insight/publication/doi/10.1108/S2040-724620188</a>
Holdings
Withdrawn status Lost status Source of classification or shelving scheme Damaged status Not for loan Home library Current library Shelving location Date acquired Total Checkouts Full call number Date last seen Uniform Resource Identifier Price effective from Koha item type
          Digital Library Digital Library Online Access 03.03.2021   HC79.E5 E58 2018 03.03.2021 https://www.emerald.com/insight/publication/doi/10.1108/S2040-724620188 03.03.2021 eBook

OPENING HOURS

Weekdays: 0815hrs - 1800hrs
Weekends:0900hrs - 1200hrs

Closed for Mass:

Mon, Thur: 1200hrs - 1300hrs
Sunday & Public Holiday’s

CALL SUPPORT

0242-570570, 0242-570169
09200664, +263 8644140602

LOCATION

18443, Cranborne Avenue, Hatfield, Harare

Other Links


©2021 | CUZ Library